Straight Up Trivia #14: Best-Selling Video Games - Statistics

General Stats
  • This quiz has been taken 21 times
  • The average score is 4 of 10
Answer Stats
Hint Answer % Correct
PUBG: Battlegrounds, 75 million. The Battle of Zama in 202 BCE marked the end of the second Punic War. What general lead the Carthaginian army against Rome? Hannibal
61%
Super Mario Bros., 58 million. What star of It's Always Sunny in Philadelphia voiced Luigi in the 2023 Super Mario Bros. Movie? Charlie Day
56%
Red Dead Redemption 2, 70 million. Red, a smuggler serving a life sentence, is a primary character in what 1994 film? The Shawshank Redemption
56%
Terraria, 60.7 million. Terraria is a classic example of what kind of video game, where players are free to interact creatively with the game, usually without any predetermined goal? The term comes from a real-world play venue that allows for architectural creativity. Sandbox Game
44%
Minecraft, 300 million. What is the only passive Minecraft mob that is a mollusk? Squid
39%
Ark: Survival Evolved, 79 million. In the Torah/Christian Old Testament, the Ark of the Covenant held the Tablets of the Law, a pot of manna, and the rod of what priest and brother of Moses? Aaron
33%
Mario Kart 8, 75.8 million. What racecar driver, first name Mario, won the 1978 Formula One championship? Mario Andretti
33%
Grand Theft Auto V, 210 million. In U.S. criminal law, what is the term for a theft involves a threat of or use of force in the presence of the victim? Robbery
28%
The Oregon Trail, 65 million. What volcano, named in 1792 for a British admiral, is the highest point in Oregon? Mount Hood
11%
Wii Sports, 82.9 million. What sport will return to the Olympics in 2028 for the first time as an official event since 1908, although with 6 player teams rather than the more typical 10 or 12 players? Lacrosse
6%
No matching quizzes found
Score Distribution
Percent of People with Each Score
Percentile by Number Answered
Your Score History
You have not taken this quiz